Presente y futuro del audiovisual en educación /
Guardado en:
| Autor Principal: | |
|---|---|
| Formato: | Libro |
| Publicado: |
Buenos Aires :
Kapelusz,
1986
|
| Series: | Biblioteca de Cultura Pedagógica. Serie Didáctica / dirigida por Juan Carlos Tedesco
|
| Materias: | |
| Etiquetas: |
Agregar Etiqueta
Sin Etiquetas, Sea el primero en etiquetar este registro!
|
| LEADER | 02653nam a22002175a 4500 | ||
|---|---|---|---|
| 001 | CEM.cems009723 | ||
| 005 | 20080721103345.0 | ||
| 008 | 130507s1986##################000#0#####d | ||
| 003 | CEMS | ||
| 020 | |a 9501361314 | ||
| 082 | 0 | 4 | |a 371.33 |
| 100 | 1 | |a Treffel, Jacques | |
| 245 | 1 | 0 | |a Presente y futuro del audiovisual en educación / |c Jacques Treffel |
| 260 | |a Buenos Aires : |b Kapelusz, |c 1986 | ||
| 300 | |a 212 p. | ||
| 490 | 0 | |a Biblioteca de Cultura Pedagógica. Serie Didáctica / dirigida por Juan Carlos Tedesco | |
| 505 | 0 | |a Hacia una sociedad de información controlada -- Luces y sombras en la situación actual -- Equipamiento actual de los establecimientos de enseñanza -- Los documentos pedagógicos en el contexto de los medios de comunicación en masas -- Incoherencia de los actuales métodos formativos -- Enseñanzas de un balance inicial de los experimentos realizados -- Las nuevas tecnologías -- El futuro de la televisión. Informe de Antenne 2 redactado por Jean-Louis Missika y Dominique Wolton -- Consecuencias para la educación -- Las nuevas tecnologías al servicio de la pedagogía -- Las nuevas responsabilidades para la escuela -- Reflexión prospectiva a partir de La tercera ola de Alvin Toffler , el informe Mac Bride y los informes preparados para 8º plan -- El audiovisual transforma la manera de enseñar -- Reforma de la radio y la televisión escolares -- Por una radio y una televisión educativa -- El audiovisual al servicio de la enseñanza de las diversas disciplinas -- Materiales y útiles para la individualización de la enseñanza y la pedagogía diferenciada -- El audiovisual y las otras tecnologías al servicio de los niños con dificultades de aprendizaje y los discapacitados -- Del desarrollo de las aptitudes fundamentales al dominio de los medios y la expresión audiovisual. Por un aprendizaje de la libertad --Rehabilitación de la imagen. Un punto de vista educativo; análisis de sociólogos, psicopedagogos y neuropsicólogos -- Cuatro capacidades fundametales -- Instrumentos para la acción -- Por un aprendizaje de la libertad -- Formación de los docentes para el audiovisual y por el audiovisual -- Comentario preliminar sobre el informe preparado por el grupo coordinador de al DGPC -- Nueva definición de la función docente -- Nueva concepción de los contenidos formativos -- Plan de formación. El principio de la nuclearización -- Guías para la elaboración de una estrategia, fundadas en un optimismo razonado | |
| 653 | |a Educación | ||
| 653 | |a Educación-nuevas tecnologías | ||
| 653 | |a Medios audiovisuales | ||
| 859 | |a CEMS |b BIB. CEMS - 11 de abril |h 371.33 |i T715 |p 19997.98 |t Ej.1 | ||
